| 000 | 01140nam a22003850a 4500 | ||
|---|---|---|---|
| 001 | PT22792 | ||
| 003 | AR-LpoUNG | ||
| 005 | 20210201010603.0 | ||
| 008 | 201001s2005||||ag |||||||||||||||||spa d | ||
| 020 |
_a9871181213 _c$3.10 |
||
| 040 |
_aAR-LpoUNG _bspa _eaacr |
||
| 041 | _aspa | ||
| 044 | _aag | ||
| 082 | 0 | _a982.064 323v2 | |
| 100 | 1 | _aTerragno, Rodolfo | |
| 245 | 1 | 3 |
_aEl peronismo de los 70 : _bcamino a la dictadura |
| 250 | _a1ª edición | ||
| 260 |
_aBuenos Aires : _bCapital Intelectual, _c2005. |
||
| 300 |
_a94 p. : _bil. _3Impreso |
||
| 490 | 0 |
_aClaves para todos ; _vv.22 |
|
| 520 | _aOfrece un cuadro un cuadro de la violencia desencadenada y reflexiona en torno a un proceso que parecia anunciado con la toma del poder a manos de las Fuerzas Armadas. | ||
| 650 | 4 | _aANALISIS HISTORICO | |
| 650 | 4 | _aARGENTINA | |
| 650 | 4 | _aASPECTOS POLITICOS | |
| 650 | 4 | _aCULTURA | |
| 650 | 4 | _aDICTADURA | |
| 650 | 4 | _aGOBIERNO MILITAR | |
| 650 | 4 | _aHISTORIA | |
| 650 | 4 | _aHISTORIA POLITICA | |
| 650 | 4 | _aIDEOLOGIAS | |
| 650 | 4 | _aPARTIDOS POLITICOS | |
| 650 | 4 | _aSOCIEDAD | |
| 905 | _a22792 | ||
| 942 | _cLIB | ||
| 999 |
_c51952 _d51952 |
||